Largest Cities by Midwestern State - Statistics

General Stats
  • This quiz has been taken 31 times
  • The average score is 51 of 120
Answer Stats
State Population City % Correct
156,977 | 520,000 Kansas City
100%
Illinois 2,709,364 Chicago
96%
Iowa 212,759 Des Moines
96%
362,142 Cleveland
92%
25,642 | 946,661 Columbus
92%
Indiana 893,619 Indianapolis
92%
Minnesota 427,499 Minneapolis
92%
269,385 St. Louis
92%
137,927 Cedar Rapids
88%
Michigan 649,374 Detroit
88%
North Dakota 141,434 Fargo
88%
277,607 Fort Wayne
88%
112,236 | 171,315 Springfield
88%
305,634 St. Paul
88%
317,570 Cincinnati
84%
Wisconsin 556,718 Milwaukee
84%
Nebraska 487,506 Omaha
84%
Kansas 402,453 Wichita
84%
79,787 Bismarck
80%
115,226 Lansing
80%
290,508 Madison
80%
124,985 Topeka
80%
189,423 Akron
76%
122,509 Ann Arbor
76%
88,619 Duluth
76%
200,808 Grand Rapids
76%
305,010 Lincoln
76%
South Dakota 217,209 Sioux Falls
76%
263,314 Toledo
76%
135,742 Dayton
72%
105,817 Green Bay
68%
111,073 Peoria
68%
103,894 South Bend
64%
77,608 Iowa City
60%
124,648 Rochester
60%
87,368 Sioux City
60%
114,404 Evansville
56%
146,881 Rockford
56%
133,193 Columbia
52%
152,579 Joliet
52%
154,969 Naperville
52%
180,935 Aurora
48%
79,909 | 87,589 Bloomington
48%
100,581 Davenport
48%
205,413 Overland Park
48%
104,788 Dearborn
44%
121,021 Independence
44%
72,254 Lafayette
44%
152,772 Olathe
44%
82,369 Rapid City
44%
136,925 Warren
44%
99,385 Kenosha
40%
73,292 St. Charles
40%
70,294 Ames
36%
75,219 Appleton
36%
68,511 Canton
36%
73,751 Eau Claire
36%
53,361 Grand Island
36%
46,966 Minot
36%
60,193 Grand Forks
32%
67,406 Oshkosh
32%
76,036 West Des Moines
32%
114,729 Elgin
28%
98,437 Lawrence
28%
108,842 Lee's Summit
28%
54,974 Manhattan
28%
78,004 Racine
28%
134,456 Sterling Heights
28%
70,570 St. Joseph
28%
27,660 Aberdeen
24%
93,743 Champaign
24%
75,167 Hammond
24%
97,200 O'Fallon
24%
67,582 Waterloo
24%
88,294 Waukegan
24%
64,588 Bellevue
20%
81,231 Brooklyn Park
20%
105,455 Carmel
20%
66,816 Janesville
20%
78,544 Parma
20%
42,090 West Fargo
20%
77,523 Blaine
16%
106,228 Fishers
16%
15,774 Jamestown
16%
35,170 Kearney
16%
66,010 Lorain
16%
77,346 Plymouth
16%
71,622 Waukesha
16%
80,809 Ankeny
12%
62,605 Council Bluffs
12%
25,637 Dickinson
12%
91,961 Livonia
12%
90,254 Troy
12%
63,243 Blue Springs
8%
64,220 Hamilton
8%
81,941 Lakeville
8%
15,594 Mitchell
8%
14,592 Spearfish
8%
23,896 Watertown
8%
28,572 Williston
8%
83,154 Woodbury
8%
25,162 Hastings
4%
60,376 Lenexa
4%
77,777 Noblesville
4%
26,298 Norfolk
4%
25,093 Papillion
4%
45,743 Salina
4%
15,792 Yankton
4%
14,857 Box Elder
0%
25,147 Brookings
0%
84,347 Farmington Hills
0%
28,724 Fremont
0%
14,641 Huron
0%
25,070 Mandan
0%
70,871 Shawnee
0%
8,167 Wahpeton
0%
No matching quizzes found
Score Distribution
Percent of People with Each Score
Percentile by Number Answered
Your Score History
You have not taken this quiz